<?xml version="1.0" encoding="UTF-8"?>
<record
    xmlns:xsi="http://www.w3.org/2001/XMLSchema-instance"
    xsi:schemaLocation="http://www.loc.gov/MARC21/slim http://www.loc.gov/standards/marcxml/schema/MARC21slim.xsd"
    xmlns="http://www.loc.gov/MARC21/slim">

  <leader>03414cam a2200505Ii 4500</leader>
  <datafield tag="999" ind1=" " ind2=" ">
    <subfield code="c">79702</subfield>
    <subfield code="d">316979</subfield>
  </datafield>
  <controlfield tag="001">1237455885</controlfield>
  <controlfield tag="003">OCoLC</controlfield>
  <controlfield tag="005">20220314110158.0</controlfield>
  <controlfield tag="006">m     o  d        </controlfield>
  <controlfield tag="007">cr nn||||mamaa</controlfield>
  <controlfield tag="008">201221s2021    sz a    ob    001 0 eng d</controlfield>
  <datafield tag="020" ind1=" " ind2=" ">
    <subfield code="a">9783030391935</subfield>
    <subfield code="q">(electronic bk.)</subfield>
  </datafield>
  <datafield tag="020" ind1=" " ind2=" ">
    <subfield code="a">3030391930</subfield>
    <subfield code="q">(electronic bk.)</subfield>
  </datafield>
  <datafield tag="020" ind1=" " ind2=" ">
    <subfield code="z">9783030391928</subfield>
  </datafield>
  <datafield tag="024" ind1="7" ind2=" ">
    <subfield code="a">10.1007/978-3-030-39193-5</subfield>
    <subfield code="2">doi</subfield>
  </datafield>
  <datafield tag="035" ind1=" " ind2=" ">
    <subfield code="a">(OCoLC)1237455885</subfield>
    <subfield code="z">(OCoLC)1228045376</subfield>
  </datafield>
  <datafield tag="040" ind1=" " ind2=" ">
    <subfield code="a">SFB</subfield>
    <subfield code="b">eng</subfield>
    <subfield code="e">rda</subfield>
    <subfield code="c">SFB</subfield>
    <subfield code="d">OCLCO</subfield>
    <subfield code="d">EBLCP</subfield>
    <subfield code="d">GW5XE</subfield>
    <subfield code="d">OCLCO</subfield>
    <subfield code="d">OCLCF</subfield>
    <subfield code="d">UKAHL</subfield>
  </datafield>
  <datafield tag="050" ind1=" " ind2="4">
    <subfield code="a">RD96.4</subfield>
    <subfield code="b">.B87 2021</subfield>
  </datafield>
  <datafield tag="072" ind1=" " ind2="7">
    <subfield code="a">MNP</subfield>
    <subfield code="2">bicssc</subfield>
  </datafield>
  <datafield tag="072" ind1=" " ind2="7">
    <subfield code="a">MED085030</subfield>
    <subfield code="2">bisacsh</subfield>
  </datafield>
  <datafield tag="072" ind1=" " ind2="7">
    <subfield code="a">MNP</subfield>
    <subfield code="2">thema</subfield>
  </datafield>
  <datafield tag="072" ind1=" " ind2="7">
    <subfield code="a">RC</subfield>
    <subfield code="2">lcco</subfield>
  </datafield>
  <datafield tag="072" ind1=" " ind2="7">
    <subfield code="a">RD</subfield>
    <subfield code="2">lcco</subfield>
  </datafield>
  <datafield tag="082" ind1="0" ind2="4">
    <subfield code="a">617.1106</subfield>
    <subfield code="2">23</subfield>
    <subfield code="b">BCB</subfield>
  </datafield>
  <datafield tag="245" ind1="0" ind2="0">
    <subfield code="a">Burn care and treatment :</subfield>
    <subfield code="b">a practical guide /</subfield>
    <subfield code="c">Marc G. Jeschke, Lars-Peter Kamolz, Shahriar Shahrokhi, editors</subfield>
  </datafield>
  <datafield tag="250" ind1=" " ind2=" ">
    <subfield code="a">Second edition</subfield>
  </datafield>
  <datafield tag="264" ind1=" " ind2="1">
    <subfield code="a">Cham :</subfield>
    <subfield code="b">Springer,</subfield>
    <subfield code="c">[2021]</subfield>
  </datafield>
  <datafield tag="300" ind1=" " ind2=" ">
    <subfield code="a">1 online resource (vi, 219 pages) :</subfield>
    <subfield code="b">illustrations (chiefly color)</subfield>
  </datafield>
  <datafield tag="504" ind1=" " ind2=" ">
    <subfield code="a">Includes bibliographical references and index</subfield>
  </datafield>
  <datafield tag="505" ind1="0" ind2=" ">
    <subfield code="a">Initial Assessment, Resus, Wound, early care -- Pathophysiology -- Wound healing and Wound care -- Infection in Burns -- Acute Burn Surgery -- Critical Care -- Metabolism and Nutrition -- Nursing Management -- Rehabilitaiton and Therapy -- Mental Health -- Pain and Agitation Management -- Electrical Injury, Chemical Burns, and Cold Injury "Frostbite" -- Long-term sequelae of burn injury -- Burn Reconstruction Techniques -- Long-term outcomes, QoL</subfield>
  </datafield>
  <datafield tag="506" ind1=" " ind2=" ">
    <subfield code="a">Available to OhioLINK libraries</subfield>
  </datafield>
  <datafield tag="520" ind1=" " ind2=" ">
    <subfield code="a">The second edition of this practical guide offers a comprehensive summary of the most important and most immediate therapeutic approaches in the assessment and treatment of burn injuries. Taking into account age-specific needs in pediatric, adult, and elderly burn patients, several chapters on key issues - such as pre-hospital treatment, wound care and infection control, burn nursing, critical care, burn reconstructive surgery and rehabilitation for burn victims - have now been updated. In addition, the book has been supplemented with the latest information on fluid resuscitation, organ support for burn patients, necrotizing soft tissue infections, and TEN/SJS. Written in a concise manner, the updated edition of this book provides essential guidelines for optimal care to improve patient outcomes, and thus will be a valuable reference resource for physicians, surgeons, residents, nurses, and other burn care providers</subfield>
  </datafield>
  <datafield tag="650" ind1=" " ind2="0">
    <subfield code="a">Burns and scalds</subfield>
    <subfield code="x">Treatment.</subfield>
    <subfield code="9">74525</subfield>
  </datafield>
  <datafield tag="650" ind1=" " ind2="0">
    <subfield code="a">Surgery, Plastic.</subfield>
    <subfield code="9">15860</subfield>
  </datafield>
  <datafield tag="655" ind1=" " ind2="4">
    <subfield code="a">Electronic books</subfield>
    <subfield code="9">89386</subfield>
  </datafield>
  <datafield tag="700" ind1="1" ind2=" ">
    <subfield code="a">Jeschke, Marc G.,</subfield>
    <subfield code="e">editor</subfield>
    <subfield code="9">89387</subfield>
  </datafield>
  <datafield tag="700" ind1="1" ind2=" ">
    <subfield code="a">Kamolz, Lars-Peter,</subfield>
    <subfield code="e">editor</subfield>
    <subfield code="9">64519</subfield>
  </datafield>
  <datafield tag="700" ind1="1" ind2=" ">
    <subfield code="a">Shahrokhi, Shahriar,</subfield>
    <subfield code="e">editor</subfield>
    <subfield code="9">89388</subfield>
  </datafield>
  <datafield tag="710" ind1="2" ind2=" ">
    <subfield code="a">Ohio Library and Information Network.</subfield>
    <subfield code="9">89389</subfield>
  </datafield>
  <datafield tag="776" ind1="0" ind2="8">
    <subfield code="i">Print version:</subfield>
    <subfield code="t">Burn care and treatment.</subfield>
    <subfield code="b">Second edition.</subfield>
    <subfield code="d">Cham : Springer, [2021]</subfield>
    <subfield code="z">9783030391928</subfield>
    <subfield code="w">(OCoLC)1237549346</subfield>
  </datafield>
  <datafield tag="856" ind1="4" ind2="0">
    <subfield code="3">OhioLINK</subfield>
    <subfield code="z">Connect to resource</subfield>
    <subfield code="u">https://rave.ohiolink.edu/ebooks/ebc2/9783030391935</subfield>
  </datafield>
  <datafield tag="856" ind1="4" ind2="0">
    <subfield code="3">SpringerLink</subfield>
    <subfield code="z">Connect to resource</subfield>
    <subfield code="u">http://link.springer.com/10.1007/978-3-030-39193-5</subfield>
  </datafield>
  <datafield tag="856" ind1="4" ind2="0">
    <subfield code="3">SpringerLink</subfield>
    <subfield code="z">Connect to resource (off-campus)</subfield>
    <subfield code="u">http://proxy.ohiolink.edu:9099/login?url=http://link.springer.com/10.1007/978-3-030-39193-5</subfield>
  </datafield>
  <datafield tag="942" ind1=" " ind2=" ">
    <subfield code="2">ddc</subfield>
    <subfield code="c">BOOK</subfield>
  </datafield>
  <datafield tag="952" ind1=" " ind2=" ">
    <subfield code="1">0</subfield>
    <subfield code="2">2022-03-14</subfield>
    <subfield code="4">0</subfield>
    <subfield code="7">0</subfield>
    <subfield code="a">617.1106 BCB</subfield>
    <subfield code="d">2022-03-14</subfield>
    <subfield code="h">CL</subfield>
    <subfield code="i">00168707</subfield>
    <subfield code="m">CL</subfield>
    <subfield code="r">2022-03-14 00:00:00</subfield>
    <subfield code="t">BOOK</subfield>
    <subfield code="w">ddc</subfield>
    <subfield code="y">0</subfield>
  </datafield>
  <datafield tag="952" ind1=" " ind2=" ">
    <subfield code="1">0</subfield>
    <subfield code="2">2022-03-14</subfield>
    <subfield code="4">0</subfield>
    <subfield code="7">0</subfield>
    <subfield code="a">617.1106 BCB</subfield>
    <subfield code="d">2022-03-14</subfield>
    <subfield code="h">CL</subfield>
    <subfield code="i">00168708</subfield>
    <subfield code="m">CL</subfield>
    <subfield code="r">2022-03-14 00:00:00</subfield>
    <subfield code="t">BOOK</subfield>
    <subfield code="w">ddc</subfield>
    <subfield code="y">0</subfield>
  </datafield>
  <datafield tag="952" ind1=" " ind2=" ">
    <subfield code="1">0</subfield>
    <subfield code="2">2022-03-14</subfield>
    <subfield code="4">0</subfield>
    <subfield code="7">0</subfield>
    <subfield code="a">617.1106 BCB</subfield>
    <subfield code="d">2022-03-14</subfield>
    <subfield code="h">CL</subfield>
    <subfield code="i">00168709</subfield>
    <subfield code="m">CL</subfield>
    <subfield code="r">2022-03-14 00:00:00</subfield>
    <subfield code="t">BOOK</subfield>
    <subfield code="w">ddc</subfield>
    <subfield code="y">0</subfield>
  </datafield>
  <datafield tag="952" ind1=" " ind2=" ">
    <subfield code="1">0</subfield>
    <subfield code="2">2022-03-14</subfield>
    <subfield code="4">0</subfield>
    <subfield code="7">0</subfield>
    <subfield code="a">617.1106 BCB</subfield>
    <subfield code="d">2022-03-14</subfield>
    <subfield code="h">SZM</subfield>
    <subfield code="i">00168710</subfield>
    <subfield code="m">SZM</subfield>
    <subfield code="r">2022-03-14 00:00:00</subfield>
    <subfield code="t">BOOK</subfield>
    <subfield code="w">ddc</subfield>
    <subfield code="y">0</subfield>
  </datafield>
  <datafield tag="952" ind1=" " ind2=" ">
    <subfield code="1">0</subfield>
    <subfield code="2">2022-03-14</subfield>
    <subfield code="4">0</subfield>
    <subfield code="7">0</subfield>
    <subfield code="a">617.1106 BCB</subfield>
    <subfield code="d">2022-03-14</subfield>
    <subfield code="h">SZM</subfield>
    <subfield code="i">00168711</subfield>
    <subfield code="m">SZM</subfield>
    <subfield code="r">2022-03-14 00:00:00</subfield>
    <subfield code="t">BOOK</subfield>
    <subfield code="w">ddc</subfield>
    <subfield code="y">0</subfield>
  </datafield>
</record>
